000 00478nam a2200193Ia 4500
005 20240823015200.0
008 240823s9999||||xx |||||||||||||| ||und||
041 _aENGLISH
082 _A658.11 P0
100 _aSingh B P
245 0 _aModern Business Organisation : Concepts and Cases
250 _a1st
260 _c2000
_bDhanpat Rai &
_aDelhi
500 _aYES
650 _aBusiness
_bManagement Studies
700 _a Chhabra T N
942 _cBK
999 _c171830
_d171830